| 000 | 00826nam a2200253 a 4500 | ||
|---|---|---|---|
| 001 | 59316 | ||
| 003 | BD-RjUL | ||
| 005 | 20211209080721.0 | ||
| 008 | 170114s1958 nyu||||| b||| 001 0 eng d | ||
| 035 | _a(BD-RjUL)59440 | ||
| 040 |
_aBD-RjUL _beng _cBD-RjUL |
||
| 041 | _aeng | ||
| 082 |
_223 _a303.4 _bLID 1958 |
||
| 100 |
_aLippitt, Ronald _9176429 |
||
| 245 | 1 | 4 |
_aThe dynamics of planned change : _ba comparative study of principles and techniques / _cRonald Lippitt; Jeanne C Watson; Bruce H Westley |
| 260 |
_aNew York : _bHarcout, Brace and company, _cc1958. |
||
| 300 |
_aviii, 312 p. ; _c21 cm. |
||
| 504 | _aIncludes bibliography & index | ||
| 650 |
_a Social Change _9170287 |
||
| 650 |
_aChange (Psychology) _9172685 |
||
| 700 |
_aWatson, Jeanne _9176430 |
||
| 700 |
_aWestley, Bruce _9176431 |
||
| 942 |
_2ddc _cBK |
||
| 999 |
_c59316 _d59316 |
||